Представление документа в формате MARC21

Поле Инд. ПП Название Значение
Тип записи a
Библиографический уровень m
001 _ Контрольный номер RU\infra-m\znanium\bibl\1146802
005 _ Дата корректировки 20250915104107.8
008 Кодируемые данные 210121s2020 RU g rus u
020 a ISBN 978-5-16-003724-0
020 a ISBN 978-5-16-102641-0
040 a Служба первич. каталог. Общество с ограниченной ответственностью «ЗНАНИУМ»
041 a Код языка текста rus
044 a Код страны публикации RU
080 a Индекс УДК 314(075.8)
084 2 Источник индекса rubbk
a Индекс другой классификации/Индекс ББК 60.7я73
084 2 Источник индекса okso
a Индекс другой классификации/Индекс ББК 38.03.01
084 2 Источник индекса okso
a Индекс другой классификации/Индекс ББК 38.03.04
084 2 Источник индекса okso
a Индекс другой классификации/Индекс ББК 38.03.03
084 2 Источник индекса okso
a Индекс другой классификации/Индекс ББК 39.03.01
084 2 Источник индекса okso
a Индекс другой классификации/Индекс ББК 39.03.02
100 1_ a Автор Косов Петр Иванович
q Полное имя Петр Иванович
245 a Заглавие Основы демографии
b Продолж. заглавия Учебное пособие
250 g перераб. и доп.
a Основные сведения об издании 2
260 a Место издания Москва
b Издательство ООО "Научно-издательский центр ИНФРА-М"
c Дата издания 2021
300 a Объем 288 с.
520 a Аннотация Рассматриваются основные понятия демографии, демографические характеристики, коэффициенты и тенденции воспроизводства населения, основные показатели численности и основных структур населения, рождаемости, смертности, продолжительности жизни, брачности и прекращения брака, тенденций изменения состава семей, миграций, демографической и миграционной политики и др. Дается характеристика демографической и миграционной ситуации в России, демографического прогнозирования. Содержится 46 таблиц и 20 приложений со статистическим материалом по России и зарубежным странам.
521 a Примеч. о целев. назн. ВО - Бакалавриат
650 a Основная рубрика Демография. Статистика
x Основная подрубрика Демография
700 1_ a Другие авторы Берендеева Алла Борисовна
q Полное имя Алла Борисовна
852 x Примечание, не предназначенное для пользователя znanium2022
856 4_ a Имя сервера/домена znanium.com
m Помощь ebs_support@infra-m.ru
n Местонахождение сервера НИЦ ИНФРА-М
u URL http://znanium.com/catalog/document?id=360797
z Примечание для пользователя Участвует в КО
856 41 a Имя сервера/домена znanium.com
d Путь /cover/1146
f Электронное имя 1146802.jpg
q Тип электронного формата image/jpeg
u URL https://znanium.com/cover/1146/1146802.jpg